000
00446nam a2200181Ia 4500
008
090124s9999 xx 000 0 und d
082
_b
46568
100
_a
दिवाण वृंदा
245
_a
दालन
250
_a
1
260
_c
2008
300
_a
180
600
_a
दिवाण वृंदा
630
_a
दालन
700
_a
दिवाण वृंदा
730
_a
दालन
942
_c
BOOK
999
_c
112773
_d
112773